000 00183 a2200097 4500
020 _a9780836866711
041 _aspa
100 _aBurstein, John
245 _aGeometria
942 _cBK
999 _c12350
_d12350